| 000 | 00339nam a2200121Ia 4500 | ||
|---|---|---|---|
| 005 | 20251222144722.0 | ||
| 008 | 251222s9999||||xx |||||||||||||| ||spa|| | ||
| 082 | _a338.174.9/S31 | ||
| 100 | _aScott, Gregory J. | ||
| 245 | 0 | _aMercados, Mitos e Intermediarios: | |
| 264 | _bCentro de Investigación Universidad del Pacífico | ||
| 942 | _cLIB | ||
| 999 |
_c18262 _d18262 |
||